<?xml version="1.0" encoding="UTF-8"?>
<collection xmlns="http://www.loc.gov/MARC21/slim">
 <record>
  <leader>01966nam a22002777a 4500</leader>
  <controlfield tag="001">NCT_62256</controlfield>
  <controlfield tag="008">190406b        xxu||||| |||| 00| 0 vie d</controlfield>
  <datafield tag="999" ind1=" " ind2=" ">
   <subfield code="c">3015</subfield>
   <subfield code="d">3015</subfield>
  </datafield>
  <datafield tag="020" ind1=" " ind2=" ">
   <subfield code="c">225000</subfield>
  </datafield>
  <datafield tag="082" ind1="0" ind2="4">
   <subfield code="2">23rd ed.</subfield>
   <subfield code="a">616.9</subfield>
   <subfield code="b">Qu106</subfield>
  </datafield>
  <datafield tag="100" ind1="1" ind2=" ">
   <subfield code="a">Lê Bách Quang</subfield>
   <subfield code="e">Chủ biên</subfield>
  </datafield>
  <datafield tag="245" ind1="1" ind2="0">
   <subfield code="a">Ký sinh trùng và côn trùng y học </subfield>
   <subfield code="b">(giáo trình giảng dạy sau đại học) </subfield>
   <subfield code="c">Lê Bách Quang (chủ biên) ; Nguyễn Ngọc San, Phạm Văn Minh, ...(biên soạn)</subfield>
  </datafield>
  <datafield tag="260" ind1=" " ind2=" ">
   <subfield code="a">H.</subfield>
   <subfield code="b">Quân đội nhân dân</subfield>
   <subfield code="c">2005</subfield>
  </datafield>
  <datafield tag="300" ind1=" " ind2=" ">
   <subfield code="a">566 tr.</subfield>
   <subfield code="b">Hình vẽ</subfield>
   <subfield code="c">27cm</subfield>
  </datafield>
  <datafield tag="500" ind1=" " ind2=" ">
   <subfield code="a">ĐTTS ghi: Học viện Quân y</subfield>
  </datafield>
  <datafield tag="520" ind1="3" ind2=" ">
   <subfield code="a">Nội dung sách nói về đặc điểm hình thể, sinh học, vai trò y học, chẩn đoán, điều trị, dịch tễ học và các biện pháp phòng chống, những mầm bệnh kí sinh trùng phổ biến và nguy hiểm trong giai đoạn hiện nay và dự báo tương lai.</subfield>
  </datafield>
  <datafield tag="653" ind1=" " ind2=" ">
   <subfield code="a">Y Đa khoa</subfield>
  </datafield>
  <datafield tag="700" ind1="1" ind2=" ">
   <subfield code="a">Nguyễn Ngọc San</subfield>
   <subfield code="e">Biên soạn</subfield>
  </datafield>
  <datafield tag="700" ind1="1" ind2=" ">
   <subfield code="a">Phạm Văn Minh</subfield>
   <subfield code="e">Biên soạn</subfield>
  </datafield>
  <datafield tag="942" ind1=" " ind2=" ">
   <subfield code="2">ddc</subfield>
   <subfield code="c">BK</subfield>
  </datafield>
  <datafield tag="952" ind1=" " ind2=" ">
   <subfield code="0">0</subfield>
   <subfield code="1">0</subfield>
   <subfield code="2">ddc</subfield>
   <subfield code="4">0</subfield>
   <subfield code="6">616_900000000000000_QU106</subfield>
   <subfield code="7">0</subfield>
   <subfield code="9">16369</subfield>
   <subfield code="a">000001</subfield>
   <subfield code="b">000001</subfield>
   <subfield code="d">2019-04-06</subfield>
   <subfield code="o">616.9 Qu106</subfield>
   <subfield code="p">MD.15090</subfield>
   <subfield code="r">2019-04-06</subfield>
   <subfield code="v">225000.00</subfield>
   <subfield code="w">2019-04-06</subfield>
   <subfield code="y">BK</subfield>
  </datafield>
  <datafield tag="952" ind1=" " ind2=" ">
   <subfield code="0">0</subfield>
   <subfield code="1">0</subfield>
   <subfield code="2">ddc</subfield>
   <subfield code="4">0</subfield>
   <subfield code="6">616_900000000000000_QU106</subfield>
   <subfield code="7">0</subfield>
   <subfield code="9">16370</subfield>
   <subfield code="a">000001</subfield>
   <subfield code="b">000001</subfield>
   <subfield code="d">2019-04-06</subfield>
   <subfield code="o">616.9 Qu106</subfield>
   <subfield code="p">MD.15091</subfield>
   <subfield code="r">2019-04-06</subfield>
   <subfield code="v">225000.00</subfield>
   <subfield code="w">2019-04-06</subfield>
   <subfield code="y">BK</subfield>
  </datafield>
  <datafield tag="952" ind1=" " ind2=" ">
   <subfield code="0">0</subfield>
   <subfield code="1">0</subfield>
   <subfield code="2">ddc</subfield>
   <subfield code="4">0</subfield>
   <subfield code="6">616_900000000000000_QU106</subfield>
   <subfield code="7">0</subfield>
   <subfield code="9">16371</subfield>
   <subfield code="a">000001</subfield>
   <subfield code="b">000001</subfield>
   <subfield code="d">2019-04-06</subfield>
   <subfield code="o">616.9 Qu106</subfield>
   <subfield code="p">MD.15092</subfield>
   <subfield code="r">2019-04-06</subfield>
   <subfield code="v">225000.00</subfield>
   <subfield code="w">2019-04-06</subfield>
   <subfield code="y">BK</subfield>
  </datafield>
  <datafield tag="952" ind1=" " ind2=" ">
   <subfield code="0">0</subfield>
   <subfield code="1">0</subfield>
   <subfield code="2">ddc</subfield>
   <subfield code="4">0</subfield>
   <subfield code="6">616_900000000000000_QU106</subfield>
   <subfield code="7">0</subfield>
   <subfield code="9">16372</subfield>
   <subfield code="a">000001</subfield>
   <subfield code="b">000001</subfield>
   <subfield code="d">2019-04-06</subfield>
   <subfield code="o">616.9 Qu106</subfield>
   <subfield code="p">MD.15093</subfield>
   <subfield code="r">2019-04-06</subfield>
   <subfield code="v">225000.00</subfield>
   <subfield code="w">2019-04-06</subfield>
   <subfield code="y">BK</subfield>
  </datafield>
  <datafield tag="952" ind1=" " ind2=" ">
   <subfield code="0">0</subfield>
   <subfield code="1">0</subfield>
   <subfield code="2">ddc</subfield>
   <subfield code="4">0</subfield>
   <subfield code="6">616_900000000000000_QU106</subfield>
   <subfield code="7">0</subfield>
   <subfield code="9">16373</subfield>
   <subfield code="a">000001</subfield>
   <subfield code="b">000001</subfield>
   <subfield code="d">2019-04-06</subfield>
   <subfield code="o">616.9 Qu106</subfield>
   <subfield code="p">MD.15094</subfield>
   <subfield code="r">2019-04-06</subfield>
   <subfield code="v">225000.00</subfield>
   <subfield code="w">2019-04-06</subfield>
   <subfield code="y">BK</subfield>
  </datafield>
  <datafield tag="980" ind1=" " ind2=" ">
   <subfield code="a">Thư viện Trường Đại học Nam Cần Thơ</subfield>
  </datafield>
 </record>
</collection>
